La cuestión palpitante /
Сохранить в:
| Главный автор: | |
|---|---|
| Формат: | Электронный ресурс eКнига |
| Язык: | испанский |
| Опубликовано: |
Barcelona :
Red ediciones S.L.,
2017.
|
| Серии: | Pensamiento (Linkgua Ediciones) ;
162. |
| Предметы: | |
| Online-ссылка: | Digitalia Hispánica |
| Метки: |
Добавить метку
Нет меток, Требуется 1-ая метка записи!
|
MARC
| LEADER | 00000nam a2200000Ii 4500 | ||
|---|---|---|---|
| 001 | DIGLKG0156 | ||
| 003 | NyNyDIG | ||
| 006 | m o d | ||
| 007 | cr ||||||||||| | ||
| 008 | 221207s2017 sp o 000 0 spa d | ||
| 035 | |a (OCoLC)1350506819 | ||
| 040 | |a DGITA |b eng |e rda |e pn |c DGITA | ||
| 020 | |a 9788490078099 |q ebook | ||
| 020 | |z 9788499539737 |q rústica | ||
| 050 | 1 | 4 | |a PN601 ebook |
| 082 | 0 | 4 | |a 868.62 |
| 100 | 1 | |a Pardo Bazán, Emilia, |c condesa de, |d 1852-1921, |e author. | |
| 245 | 1 | 3 | |a La cuestión palpitante / |c Emilia Pardo Bazán. |
| 264 | 1 | |a Barcelona : |b Red ediciones S.L., |c 2017. | |
| 300 | |a 1 online resource. | ||
| 336 | |a text |b txt |2 rdacontent | ||
| 337 | |a computer |b c |2 rdamedia | ||
| 338 | |a online resource |b cr |2 rdacarrier | ||
| 347 | |a text file |2 rdaft | ||
| 347 | |b PDF | ||
| 490 | 1 | |a Linkgua pensamiento ; |v 162 | |
| 500 | |a "www.linkgua-digital.com"--Cover. | ||
| 588 | 0 | |a Online resource; title from PDF title page (Digitalia, viewed December 7, 2022) | |
| 650 | 0 | |a Naturalism in literature. | |
| 650 | 0 | |a Literature, Modern. | |
| 791 | 2 | |a Digitalia (Firm), |e distributor. | |
| 793 | 0 | |g Digitalia eBook Collection: |a Linkgua | |
| 776 | 0 | 8 | |i Print version: |a Pardo Bazán, Emilia, condesa de, 1852-1921. |t Cuestión palpitante. |d Barcelona : Red ediciones S.L., 2017 |z 9788499539737 |
| 830 | 0 | |a Pensamiento (Linkgua Ediciones) ; |v 162. | |
| 856 | 4 | 0 | |3 Digitalia Hispánica |u https://digitalia.unach.elogim.com/a/55282/ |
| 910 | |a Premium collection: 2022 | ||